The quality of the urban enviroment: essays on new resources in a urban age

Сохранить в:
Библиографические подробности
Главный автор: Perloff, Harvey S (Автор)
Формат:
Язык:английский
Опубликовано: Washington, D.C Resources for the Future 1969
Предметы:
Метки: Добавить метку
Нет меток, Требуется 1-ая метка записи!

MARC

LEADER 00000nam a2200000 a 4500
001 UCQ0857
003 CL-VaPUC
008 980703e19690000us |||||||||||||||||eng|d
082 0 4 |a 304.2  |b PER  |2 21 
100 0 |a Perloff, Harvey S  |e author  |9 414219 
245 1 4 |a The quality of the urban enviroment: essays on new resources in a urban age 
300 |a 332 p 
942 |c BK 
945 |d 19980703 00:00:00  |a crobeson 
260 |a Washington, D.C  |b Resources for the Future  |c 1969 
650 0 |a Ecología humana   |9 263207 
650 7 |a CIENCIAS AMBIENTALES  |2 CL-VaPUC  |9 344897 
650 7 |a MEDIO URBANO  |2 CL-VaPUC  |9 348059 
650 7 |a MEDIO HUMANO  |2 CL-VaPUC  |9 414220 
650 7 |a CAMBIOS AMBIENTALES  |2 CL-VaPUC  |9 341435 
650 7 |a EFECTOS DE LAS ACTIVIDADES HUMANAS  |2 CL-VaPUC  |9 338571 
650 0 |a Medio ambiente  |9 257625 
650 7 |a RELACIONES ECOLOGICAS  |2 CL-VaPUC  |9 414221 
650 0 |a Crisis ecológica   |9 337731 
650 7 |a EQUILIBRIO ECOLOGICO  |2 CL-VaPUC  |9 352587 
583 |a last modification  |c 20171211 02:17:27  |k Rodrigo Vera 
999 |c 271885  |d 271883